01011nam a2200229 i 4500001000300000100002400003245014200027260002700169300003500196490011900231500003200350504004000382650003600422650004000458650001800498830008600516040000800602041001300610080001900623008004100642856009800683bg1 aMACIEJEWSKI, Maciej10aHydraulika zbiorników wodociągowych oraz wybranych urządzeń do uzdatniania wody i oczyszczania ścieków /cMaciej Maciejewski. aKraków :bPK,c1991. a201 s :brys., wykr. ;c24 cm.1 aZeszyt Naukowy / Politechnika Krakowska. Inżynieria Sanitarna i Wodna,x0867-177X [właśc. 0137-1363] ;vz. 41 aNumeracja ser. gł. : nr 2. aBibliogr. s. 187-195. - Summ., res. 9aWodaxtechnologiaxurządzenia 9aŚciekixtechnologiaxurządzenia 9aHydrodynamika 0aZeszyt Naukowy (Politechnika Krakowska).pInżynieria Sanitarna i Wodna ;vz. 41 cBPK0 aplbenfr a628.1/.3:532.5 s pl f |000 0 pol  uhttp://koha.tu.koszalin.pl/cgi-bin/koha/opac-detail.pl?biblionumber=30235yKatalog online BPK